| 000 | 00400nam a2200193Ia 4500 | ||
|---|---|---|---|
| 001 | 11574 | ||
| 003 | GE_BSU | ||
| 008 | 181216s||||||||xx |||||||||||||| ||und|| | ||
| 020 | _a033901657 | ||
| 040 | _cGE_BSU | ||
| 100 | _aGrafton,Sue | ||
| 245 | _aP Is For Peril | ||
| 260 | _aLondon | ||
| 260 | _bMacmillan | ||
| 260 | _c2001 | ||
| 300 | _a383p;24cm. | ||
| 653 | _aP Is For Peril | ||
| 942 | _cBK | ||
| 999 |
_c44769 _d44769 |
||